| 000 | 00625nam a22001937a 4500 | ||
|---|---|---|---|
| 005 | 20230801060008.0 | ||
| 008 | 230214b |||||||| |||| 00| 0 eng d | ||
| 020 | _a978-0-7637-5994-0 | ||
| 082 | _a005.8 N554 2010 | ||
| 100 |
_aNewman, Robert C. _eauthor |
||
| 245 |
_aComputer security: _bprotecting digital resources / _cRobert C Newman |
||
| 260 |
_aSudburry, Mass: _bJones and Bartlett Publishers, _cc2010 |
||
| 300 |
_aXxviii, 453p.: _bill. |
||
| 504 | _aIncludes bibliographies and index | ||
| 541 | _e1906 | ||
| 650 | _aData security | ||
| 650 | _aComputer security | ||
| 650 | _aComputer networks - Security measures | ||
| 999 |
_c1108 _d1108 |
||